| 000 | 005170000a22001930004500 | ||
|---|---|---|---|
| 003 | LK-CoMWRAF | ||
| 005 | 20230902224404.0 | ||
| 008 | 230817t2005 ||||| |||| 00| 0 eng d | ||
| 020 | _a8178980592 | ||
| 040 |
_aLK-CoMWRAF _dLK-CoMWRAF _eLK-CoMWRAF |
||
| 041 | _aeng | ||
| 082 |
_a823 _bKHA |
||
| 100 | _aKhan, Saniyasnain | ||
| 245 |
_aThe Queen and the bird : _bQuran stories for little hearts |
||
| 260 |
_aNew Delhi (India) : _bGoodword books, _c2005 |
||
| 300 | _a23p | ||
| 650 | _aChild Stories | ||
| 942 | _cBK | ||
| 999 |
_c1491 _d1491 |
||